Estadísticas para Estadios del Gran Buenos Aires

Haz click aquí para intentar la prueba.

Estadísticas generales

  • Esta prueba ha sido intentada 214 veces
  • La puntuación promedio es 12 de 16

Respuestas en el mapa

Las respuestas están codificadas por una escala verde-roja en el mapa de la prueba según el % correcto abajo.
 

Estadísticas de respuestas

Respuesta% Correcto
Tigre (José Dellagiovanna)
86%
River Plate (Antonio V. Liberti)
84%
Boca Juniors (Alberto J. Armando)
82%
Independiente (Libertadores de América)
80%
Platense (Ciudad de Vicente López)
78%
Huracán (Tomás A. Ducó)
76%
Quilmes (Centenario)
75%
Vélez Sarsfield (José Amalfitani)
75%
San Lorenzo (Pedro Bidegain)
74%
Defensa y Justicia (Norberto Tomaghello)
70%
Argentinos Juniors (Diego Armando Maradona)
66%
Atlanta (León Kolbowsky)
66%
Arsenal (Julio H. Grondona)
64%
Lanús (Ciudad de Lanús-Néstor Díaz Pérez)
62%
Banfield (Florencio Sola)
60%
Racing (Juan D. Perón)
55%

Distribución de puntuación

Porcentaje por número respondido

Porcentaje de gente con cada puntuación

Historial de tus puntuaciones

No has intentado esta prueba.